000 01317nam a2200313 i 4500
001 000039891
003 DO-SdBNP
005 20250116073944.0
007 ta
008 130726s1995 dr 000 0 spa d
040 _aDO-SdBNP
_bspa
_cBNPHU
_erda
082 4 _a972.9304
_bP438pe
_222
100 1 _aPérez Memén, Fernando,
_d1943-
_938744
_eautor
245 1 3 _aEl pensamiento dominicano en la primera república (1844-1861) /
_cFernando Pérez Memén.
264 _aSanto Domingo :
_bSecretaría de Estado de Educación, Bellas Artes y Cultos,
_c1995.
300 _a505 páginas ;
_c23 cm.
336 _2rdacontent
_atexto
_btxt
337 _2rdamedia
_asin mediación
_bn
338 _2rdacarrier
_avolumen
_bnc
586 _aPremio Anual de Historia Juan Pablo Duarte 1992-1993
590 _aInventario, 2020/YL
651 4 _aRepública Dominicana
_xHistoria
_y1844-1861
_9931
651 4 _aRepública Dominicana
_xPolítica y gobierno
_xHistoria
_y1844-1861
_92590
651 4 _aRepública Dominicana
_xCondiciones sociales
_xHistoria
_y1844-1861
_953299
651 4 _aRepública Dominicana
_xPolítica económica
_xHistoria
_y1844-1861
_953300
710 1 2 _aRepública Dominicana.
_bSecretaría de Estado de Educación, Bellas Artes y Cultos
_923965
910 _aValidado. Control de calidad MFF
942 _2ddc
_cLBS1
999 _c39381
_d39381